Pio XI: il Papa dei concordati

Guardat en:
Dades bibliogràfiques
Autor principal: Stella, Giordano (Autor)
Format: Llibre
Idioma:espanyol
Publicat: Milán Gribaudi 2009
Edició:1a. ed
Matèries:
Etiquetes: Afegir etiqueta
Sense etiquetes, Sigues el primer a etiquetar aquest registre!

MARC

LEADER 00000nam a2200000 a 4500
001 UCG0624
003 CL-VaPUC
008 100401e20090000IT |||||||||||||||||spa|d
020 |a 9788871529721 
082 0 4 |a 922.21  |b STE  |2 21 
100 0 |a Stella, Giordano  |e author  |9 548073 
245 1 0 |a Pio XI: il Papa dei concordati 
250 |a 1a. ed 
300 |a 240 p 
942 |c BK 
945 |d 20100401 00:00:00  |a rbrito 
260 |a Milán  |b Gribaudi  |c 2009 
600 0 |a Pío XI  |9 337270 
650 0 |a Biografías  |9 255210 
650 0 |a Vida religiosa  |9 257284 
650 0 |a Papas  |9 258738 
583 |a last modification  |c 20130325 06:05:23  |k Rodrigo Vera 
999 |c 340184  |d 340182 
952 |0 0  |1 0  |2 ddc  |4 0  |6 922_210000000000000_STE_2009  |7 0  |8 A  |9 434723  |a BIBDER  |b BIBDER  |d 2019-11-22  |i 4656512  |o 922.21 STE 2009  |p 4656512  |r 2024-09-06  |w 2019-11-22  |y BK  |k DER